00807cam a22002411 4500001001300000003000400013005001700017008004100034010001700075035001900092040001900111042001200130050001400142100002400156245010000180260002400280300003400304490009000338504002900428650003500457700005600492999001700548gs 34000185 DLC20260227111338.0790324s1933 xx ab 000 0 eng  ags 34000185  a(OCoLC)4774482 aDLCcTxHUdDLC apremarc00aQE89b.L51 aLivingston, Alfred.10aGeological journeys in southern California,cby Alfred Livingston, Jr. [and] William C. Putnam. aLos Angeles,c1933. a104 p.billus., maps.c23 cm.0 aLos Angeles Junior College. Publicationvno. 1, Geology ser. no. 1, January 30, 1933 aIncludes bibliographies. 0aGeologyzCalifornia, Southern.1 aPutnam, William Clement,d1908-1963,ejoint author. c27116d27116